Orozco : una relectura /

Guardado en:
Detalles Bibliográficos
Autor principal: Orozco, José Clemente (pintor)
Otros autores: Rivero Serrano, Octavio (presentación) (presentación)
Formato: Libro
Idioma:Español
Publicado: México : UNAM, Instituto de Investigaciones Estéticas, 1983, c1983
Etiquetas: Agrega una etiqueta
Sin etiquetas, Sé el primero en etiquetar este registro!

MARC

LEADER 00000nam^a2200000^a^4500
001 000622276
005 20251010000000.0
009 20260310133915.201
020 |a 968-58-0617-9 
037 |a Acervo ITESO - Biblioteca 
041 |a ESP 
091 |a FOB. 02472 
100 |a Orozco, José Clemente  |e (pintor) 
245 1 0 |a Orozco :  |b una relectura / 
264 4 |a México :  |b UNAM, Instituto de Investigaciones Estéticas,  |c 1983, c1983 
300 |a 255 p., [60 p. de láminas] 
336 |a texto  |b txt  |2 rdacontenido 
337 |a sin mediación  |b n  |2 rdamedio 
338 |a volumen  |b nc  |2 rdasoporte 
649 |a XX 
700 |a Rivero Serrano, Octavio  |e (presentación) 
910 |a Fondo Carlos de Obeso Orendain 
920 |a Impresos - Libros 
930 |a Fondos Especiales 
905 |a 147 
901 |a 622590-10  |b IT2  |c ESP  |i D84317  |u 20251010 
902 |a https://opac.biblio.iteso.mx/vufind/Record/000622276